Legal form of business and agency cost: a case of Slovak agriculture

Pojem agentské náklady. Agentské náklady v slovenských poľnohospodárskych firmách.

Gespeichert in:
Bibliographische Detailangaben
1. Verfasser: Lančarič, Drahoslav
Weitere Verfasser: Tóth, Marián, Savov, Radovan
Format: Buchkapitel
Sprache:Englisch
Schlagworte:
Tags: Tag hinzufügen
Keine Tags, Fügen Sie das erste Tag hinzu!

MARC

LEADER 00000naa a2200000 4500
001 0227079
005 20221019173039.5
041 0 |a eng 
044 |a SK 
245 1 0 |a Legal form of business and agency cost: a case of Slovak agriculture  |c Drahoslav Lančarič, Marián Tóth, Radovan Savov 
520 |a Pojem agentské náklady. Agentské náklady v slovenských poľnohospodárskych firmách. 
610 2 0 |a Slovensko 
610 2 0 |a poľnohospodárstvo 
610 2 0 |a podnikanie 
610 2 0 |a náklady 
100 1 |a Lančarič, Drahoslav 
700 1 |a Tóth, Marián 
700 1 |a Savov, Radovan